00488 2200193 4500001002100000005001500021035002000036007000300056008004100059020002200100082000800122084001400130100001900144245001900163260004700182300003200229650001300261990002000274INLIS00000000000295020260507055227 a0010-0526000041ta260507 g 0 ind  a978-623-00-7258-1 a100 a100 KLE p0 aKleinman, Paul1 aPhilosophy 101 aJakarta :bPT Elex Media Komputindo,c2025 ax + 336 hlm. ;c14 x 21 cm. 4aFilsafat a20260509.06.005